000 01441cam a22004097a 4500
003 CHAP
005 20220329141943.0
008 980928d1998 mx a r 00110 spa d
010 _a76216
011 _a77188
020 _a0-12-391606-2
020 _a0-12-391607-0
020 _a0123916054
035 _a86791
040 _cCHAP
082 0 4 _a636.089
_bJ88 1993
100 0 0 _aJubb, K. V. F.
_eed.
_962260
245 1 0 _aPathology of domestic animals
_c/ed. by K. V. F. Jubb, Peter C. Kennedy and Nigel Palmer
250 _a4 ed.
260 _aSan Diego, Ca. :
_bAcademic Press,
_c1993.
300 _a3 v. :
_bilus.
590 _aBATCH-UPD
_b10
_c20130110
_lUCH01
_h1414
590 _aBATCH-UPD
_b10
_c20130410
_lUCH01
_h0859
590 _aBATCH-UPD
_b10
_c20130914
_lUCH01
_h1505
590 _aCONVERSION
_b10
_c20130109
_lUCH01
_h1342
650 1 4 _aAnimales domesticos
_xEnfermedades.
_95901
650 1 4 _aGanado
_xEnfermedades.
_944909
650 1 4 _aPatologĂ­a veterinaria.
_986194
700 0 _aKennedy, Peter C.
_963047
700 0 _aPalmer, Nigel.
_984996
901 _aBK
905 _aAlejandra Carrasco M.
942 _cLIBRO
949 _a636.089 J88 1993
_bBC
_cLIBRO
_d33724000703815
_eLIBRO
_fv.3
_gI.193265
_h94215
_i86791
_si
949 _a636.089 J88 1993
_bBC
_cLIBRO
_d33724000703948
_eLIBRO
_fv.2
_gI.193265
_h94214
_i86791
_sb
949 _a636.089 J88 1993
_bBC
_cLIBRO
_d33724000704219
_eLIBRO
_fv.1
_gI.193265
_h94213
_i86791
_sb
_t3894
999 _c76216
_d76216